México (Record no. 3870)
[ view plain ]
| 000 -CABECERA | |
|---|---|
| campo de control de longitud fija | 00777nam a2200253 a 4500 |
| 001 - NÚMERO DE CONTROL | |
| campo de control | BRCA_4154 |
| 005 - FECHA Y HORA DE LA ÚLTIMA TRANSACCIÓN | |
| campo de control | 20190320204550.0 |
| 008 - DATOS DE LONGITUD FIJA--INFORMACIÓN GENERAL | |
| campo de control de longitud fija | 050510s1968----sz-a######---#000-0#eng-# |
| 041 ## - CÓDIGO DE LENGUA | |
| Código de lengua del texto/banda sonora o título independiente | eng |
| 044 ## - CÓDIGO DEL PAÍS DE LA ENTIDAD EDITORA/PRODUCTORA | |
| Código MARC del país | sz |
| 050 #4 - SIGNATURA TOPOGRÁFICA DE LA BIBLIOTECA DEL CONGRESO | |
| Número de clasificación | F1216 |
| Número de documento/Ítem | .R65 1968 |
| 100 1# - ENTRADA PRINCIPAL--NOMBRE DE PERSONA | |
| Nombre de persona | Roiter, Fulvio |
| 9 (RLIN) | 10736 |
| 245 10 - MENCIÓN DE TÍTULO | |
| Título | México |
| Mención de responsabilidad, etc. | Fulvio Roiter ; texto de Carlos Pellicer y Salvador Novo. |
| 260 ## - PUBLICACIÓN, DISTRIBUCIÓN, ETC. | |
| Lugar de publicación, distribución, etc. | Zurich, Suiza |
| Nombre del editor, distribuidor, etc. | Atlantis |
| Fecha de publicación, distribución, etc. | c1968 |
| 300 ## - DESCRIPCIÓN FÍSICA | |
| Extensión | 1 v. (sin paginación) |
| Otras características físicas | il. (algunas a color), 169 fotos |
| Dimensiones | 31 cm. |
| 500 ## - NOTA GENERAL | |
| Nota general | Edición elaborada para Olivetti Mexicana, S.A. |
| 500 ## - NOTA GENERAL | |
| Nota general | C185 |
| 650 14 - PUNTO DE ACCESO ADICIONAL DE MATERIA--TÉRMINO DE MATERIA | |
| Término de materia o nombre geográfico como elemento de entrada | Viajeros italianos |
| 9 (RLIN) | 10737 |
| 651 #4 - PUNTO DE ACCESO ADICIONAL DE MATERIA--NOMBRE GEOGRÁFICO | |
| Nombre geográfico | México |
| Subdivisión general | Descripción y viajes |
| 9 (RLIN) | 103 |
| 700 1# - PUNTO DE ACCESO ADICIONAL--NOMBRE DE PERSONA | |
| Nombre de persona | Pellicer, Carlos |
| 9 (RLIN) | 7681 |
| 700 1# - PUNTO DE ACCESO ADICIONAL--NOMBRE DE PERSONA | |
| Nombre de persona | Novo, Salvador |
| 9 (RLIN) | 10738 |
| 902 ## - CATALOGADOR | |
| Iniciales | GFM |
| 942 ## - ELEMENTOS DE PUNTO DE ACCESO ADICIONAL (KOHA) | |
| Fuente del sistema de clasificación o colocación | Library of Congress Classification |
| Tipo de ítem Koha | Libros |
| Estado de retiro | Estado de pérdida | Estado dañado | No para préstamo | Localización permanente | Ubicación/localización actual | Fecha de adquisición | Número de inventario | Total de préstamos | Signatura topográfica completa | Código de barras | Fecha visto por última vez | Precio válido a partir de | Tipo de ítem Koha |
|---|---|---|---|---|---|---|---|---|---|---|---|---|---|
| El ejemplar forma parte de la colección y puede ser consultado según las políticas vigentes. | Biblioteca del Museo Franz Mayer (Rogerio Casas-Alatriste) | Biblioteca del Museo Franz Mayer (Rogerio Casas-Alatriste) | 15/04/2010 | C185 | F1216 .R65 1968 (C185) | 4151 | 22/03/2019 | 22/03/2019 | Libros |